The spirit of the laws / (Record no. 8967)

MARC details
000 -LEADER
fixed length control field 01466pam a2200385 a 4500
001 - CONTROL NUMBER
control field 3384005
003 - CONTROL NUMBER IDENTIFIER
control field OSt
005 - DATE AND TIME OF LATEST TRANSACTION
control field 20240627100950.0
008 - FIXED-LENGTH DATA ELEMENTS--GENERAL INFORMATION
fixed length control field 880915s1989 enka b 001 0 eng
010 ## - LIBRARY OF CONGRESS CONTROL NUMBER
LC control number 88030006
020 ## - INTERNATIONAL STANDARD BOOK NUMBER
International Standard Book Number 0521361834
020 ## - INTERNATIONAL STANDARD BOOK NUMBER
International Standard Book Number 0521369746 (pbk.)
040 ## - CATALOGING SOURCE
Original cataloging agency DLC
Transcribing agency DLC
Modifying agency DLC
041 1# - LANGUAGE CODE
Language code of text/sound track or separate title engfre
082 00 - DEWEY DECIMAL CLASSIFICATION NUMBER
Classification number 320 THE 1989
100 1# - MAIN ENTRY--PERSONAL NAME
Personal name Montesquieu, Charles de Secondat,
Titles and words associated with a name baron de,
Dates associated with a name 1689-1755.
9 (RLIN) 18155
240 10 - UNIFORM TITLE
Uniform title De l'esprit des lois.
Language of a work English
245 14 - TITLE STATEMENT
Title The spirit of the laws /
Statement of responsibility, etc. Montesquieu ; translated and edited by Anne M. Cohler, Basia Carolyn Miller, Harold Samuel Stone.
260 ## - PUBLICATION, DISTRIBUTION, ETC. (IMPRINT)
Place of publication, distribution, etc. Cambridge ;
-- New York :
Name of publisher, distributor, etc. Cambridge University Press,
Date of publication, distribution, etc. 1989.
300 ## - PHYSICAL DESCRIPTION
Extent xlvii, 757 p. :
Other physical details ill. ;
Dimensions 22 cm.
440 #0 - SERIES STATEMENT/ADDED ENTRY--TITLE
Title Cambridge texts in the history of political thought
9 (RLIN) 18156
500 ## - GENERAL NOTE
General note Translation of: De l'esprit des lois.
504 ## - BIBLIOGRAPHY, ETC. NOTE
Bibliography, etc Bibliography: p. 723-733.
650 #0 - SUBJECT ADDED ENTRY--TOPICAL TERM
Topical term or geographic name as entry element Political science.
9 (RLIN) 6756
650 #0 - SUBJECT ADDED ENTRY--TOPICAL TERM
Topical term or geographic name as entry element State, The.
9 (RLIN) 18157
650 #0 - SUBJECT ADDED ENTRY--TOPICAL TERM
Topical term or geographic name as entry element Law
General subdivision Philosophy.
9 (RLIN) 18158
650 #0 - SUBJECT ADDED ENTRY--TOPICAL TERM
Topical term or geographic name as entry element Jurisprudence.
9 (RLIN) 18159
700 1# - ADDED ENTRY--PERSONAL NAME
Personal name Cohler, Anne M.
9 (RLIN) 18160
700 1# - ADDED ENTRY--PERSONAL NAME
Personal name Miller, Basia Carolyn.
9 (RLIN) 18161
700 1# - ADDED ENTRY--PERSONAL NAME
Personal name Stone, Harold Samuel,
Dates associated with a name 1949-
9 (RLIN) 18162
856 42 - ELECTRONIC LOCATION AND ACCESS
Materials specified Publisher description
Uniform Resource Identifier http://www.loc.gov/catdir/description/cam023/88030006.html
856 41 - ELECTRONIC LOCATION AND ACCESS
Materials specified Table of contents
Uniform Resource Identifier http://www.loc.gov/catdir/toc/cam022/88030006.html
906 ## - LOCAL DATA ELEMENT F, LDF (RLIN)
a 7
b cbc
c orignew
d 1
e ocip
f 19
g y-gencatlg
942 ## - ADDED ENTRY ELEMENTS (KOHA)
Source of classification or shelving scheme Dewey Decimal Classification
Koha item type Open Shelf
Holdings
Withdrawn status Lost status Source of classification or shelving scheme Damaged status Not for loan Home library Current library Date acquired Source of acquisition Inventory number Total Checkouts Full call number Barcode Date last seen Price effective from Koha item type
    Dewey Decimal Classification     MUST Main Library MUST Main Library 27/06/2024 Donation 1993/11747   320 THE 1989 2024-21491 27/06/2024 27/06/2024 Open Shelf